000
00316pab a2200145 454500
008
180718b1985 xxu||||| |||| 00| 0 eng d
100
_a
Ajay Das
245
_a
Jute in jeopardy
260
_c
1985
300
_a
32-3
362
_a
13 May
650
_a
Jute Industry and Trade
773
_a
Capital
909
_a
11597
999
_c
11597
_d
11597